000 00619nam a2200241Ia 4500
003 OSt
005 20220918183356.0
006 a|||||r|||| 00| 0
007 ta
008 220917b |||||||| |||| 00| 0 eng d
024 _a37,680
037 _cTextual
040 _aARTS
_cARTS
_beng
041 _2eng
_aeng
082 _aO142:3N16:1, 111J1
100 _aSafonov V
_962648
245 0 _aLand in bloom tr by J Fineberg
260 _c1951
490 _aStalin prize , 1949
650 _aENGLISH LITERATURE
942 _hO142:3N16:1, 111J1
_cTEXL
_2CC
999 _c172431
_d172431